<?xml version="1.0" encoding="UTF-8"?>
<record
    xmlns:xsi="http://www.w3.org/2001/XMLSchema-instance"
    xsi:schemaLocation="http://www.loc.gov/MARC21/slim http://www.loc.gov/standards/marcxml/schema/MARC21slim.xsd"
    xmlns="http://www.loc.gov/MARC21/slim">

  <leader>02673nam a22002417a 4500</leader>
  <controlfield tag="005">20211008145737.0</controlfield>
  <controlfield tag="008">211008b           ||||| |||| 00| 0 eng d</controlfield>
  <datafield tag="020" ind1=" " ind2=" ">
    <subfield code="a">0670081509</subfield>
  </datafield>
  <datafield tag="040" ind1=" " ind2=" ">
    <subfield code="c">AL</subfield>
  </datafield>
  <datafield tag="041" ind1=" " ind2=" ">
    <subfield code="a">eng</subfield>
  </datafield>
  <datafield tag="082" ind1=" " ind2=" ">
    <subfield code="2">23</subfield>
    <subfield code="a">954.6</subfield>
    <subfield code="b">DEVS</subfield>
  </datafield>
  <datafield tag="100" ind1=" " ind2=" ">
    <subfield code="a">David Devadas</subfield>
    <subfield code="9">971</subfield>
  </datafield>
  <datafield tag="245" ind1=" " ind2=" ">
    <subfield code="a">Search of a Future: The Story of Kashmir</subfield>
  </datafield>
  <datafield tag="260" ind1=" " ind2=" ">
    <subfield code="a">New Delhi</subfield>
    <subfield code="b">Penguin Viking</subfield>
    <subfield code="c">2007</subfield>
  </datafield>
  <datafield tag="300" ind1=" " ind2=" ">
    <subfield code="a">xiii,381 p.</subfield>
    <subfield code="b">HB</subfield>
    <subfield code="c">22x14 cm.</subfield>
  </datafield>
  <datafield tag="365" ind1=" " ind2=" ">
    <subfield code="b">495.00</subfield>
    <subfield code="c">&#x20B9;</subfield>
    <subfield code="d">495.00</subfield>
    <subfield code="f">24-03-2013</subfield>
  </datafield>
  <datafield tag="520" ind1=" " ind2=" ">
    <subfield code="a">1931. The year Kashmir s majority community revolted against their maharaja and sharply expressed a Kashmiri Muslim identity. Since then the Kashmiri-speaking community living in the valley has been grappling with ideological paradigms, searching for a common future. Weaving a complex history with the lives of two ordinary Kashmiris one a militant-commander-turned-Hurriyat-Conference-leader, the other a rural political worker of an older generation In Search of a Future: The Story of Kashmir not only illuminates the socio-economic, geopolitical and ideological causes of violence from 1931 to 2007 but also aspects of Kashmiri reality that are rarely discussed the impact of land reforms and the apple trade; religion-based political mobilization in both Pakistan and India; Kashmiri caste consciousness; the tendency to put narrow self-interest above action for the common weal; and the insecurity that expresses itself as superiority. In doing so, it brings to life the strong sense of identity of this community and its frustrations; the long-standing sectarian and communal discord; and the insurgency against India, in the process exploring the dichotomy between ethnic aspiration and religious zeal, the influence of Iran s revolution and the Afghan and global jihad. The book reveals a wealth of startling new information about the strategies, internal workings, disputes, excesses and failures of Kashmir s militant movement as well as the governments of India and Pakistan, their armed forces and intelligence agencies. Nearly a decade of painstaking research through interviews conducted with primary players, including prime ministers, governors, generals, militant commanders and secessionist and mainstream politicians has produced this tremendous work of contemporary history. Filled with detail and drama, In Search of a Future is a candid and insightful portrait of the moral crisis that has created one of the world s most knotty and dangerous flashpoints through the twentieth century.</subfield>
  </datafield>
  <datafield tag="650" ind1=" " ind2=" ">
    <subfield code="a">Indian History</subfield>
    <subfield code="9">972</subfield>
  </datafield>
  <datafield tag="650" ind1=" " ind2=" ">
    <subfield code="a">History</subfield>
    <subfield code="9">973</subfield>
  </datafield>
  <datafield tag="650" ind1=" " ind2=" ">
    <subfield code="a">Politics and Government</subfield>
    <subfield code="9">974</subfield>
  </datafield>
  <datafield tag="651" ind1=" " ind2=" ">
    <subfield code="a">India Jammu and Kashmir</subfield>
    <subfield code="9">975</subfield>
  </datafield>
  <datafield tag="942" ind1=" " ind2=" ">
    <subfield code="2">ddc</subfield>
    <subfield code="c">GF</subfield>
  </datafield>
  <datafield tag="999" ind1=" " ind2=" ">
    <subfield code="c">216532</subfield>
    <subfield code="d">216532</subfield>
  </datafield>
  <datafield tag="952" ind1=" " ind2=" ">
    <subfield code="0">0</subfield>
    <subfield code="1">0</subfield>
    <subfield code="2">ddc</subfield>
    <subfield code="4">0</subfield>
    <subfield code="7">0</subfield>
    <subfield code="8">HIS</subfield>
    <subfield code="a">AL</subfield>
    <subfield code="b">AL</subfield>
    <subfield code="d">2013-03-24</subfield>
    <subfield code="g">495.00</subfield>
    <subfield code="l">0</subfield>
    <subfield code="o">954.6 DEVS</subfield>
    <subfield code="p">GF00891</subfield>
    <subfield code="r">2021-10-08 00:00:00</subfield>
    <subfield code="v">495.00</subfield>
    <subfield code="w">2013-03-24</subfield>
    <subfield code="y">GF</subfield>
  </datafield>
</record>
